<?xml version="1.0" encoding="UTF-8"?>
<record
    xmlns:xsi="http://www.w3.org/2001/XMLSchema-instance"
    xsi:schemaLocation="http://www.loc.gov/MARC21/slim http://www.loc.gov/standards/marcxml/schema/MARC21slim.xsd"
    xmlns="http://www.loc.gov/MARC21/slim">

  <leader>00517nas a2200181 u 4500</leader>
  <controlfield tag="001">94299</controlfield>
  <controlfield tag="005">20240228085945.0</controlfield>
  <controlfield tag="008">960527uuuuuuuuu                    spa  </controlfield>
  <datafield tag="022" ind1=" " ind2=" ">
    <subfield code="a">0378-7680</subfield>
  </datafield>
  <datafield tag="035" ind1=" " ind2=" ">
    <subfield code="a">94299</subfield>
  </datafield>
  <datafield tag="040" ind1=" " ind2=" ">
    <subfield code="c">comduadb</subfield>
  </datafield>
  <datafield tag="041" ind1=" " ind2=" ">
    <subfield code="a">spa</subfield>
  </datafield>
  <datafield tag="245" ind1="1" ind2="0">
    <subfield code="a">Ciencia y Sociedad (Santo Domingo)</subfield>
  </datafield>
  <datafield tag="260" ind1=" " ind2=" ">
    <subfield code="a">Rep&#xFA;blica Dominicana :</subfield>
    <subfield code="b">Instituto Tecnol&#xF3;gico de Santo Domingo.</subfield>
  </datafield>
  <datafield tag="650" ind1=" " ind2="7">
    <subfield code="a">Ciencias sociales</subfield>
    <subfield code="2">embne</subfield>
    <subfield code="9">2064</subfield>
  </datafield>
  <datafield tag="856" ind1="4" ind2=" ">
    <subfield code="u">http://www.intec.edu.do/?o=intecCienciaYSociedad</subfield>
  </datafield>
  <datafield tag="942" ind1=" " ind2=" ">
    <subfield code="c">REVISTA</subfield>
  </datafield>
  <datafield tag="999" ind1=" " ind2=" ">
    <subfield code="c">93791</subfield>
    <subfield code="d">93791</subfield>
  </datafield>
  <datafield tag="952" ind1=" " ind2=" ">
    <subfield code="0">0</subfield>
    <subfield code="1">0</subfield>
    <subfield code="4">0</subfield>
    <subfield code="7">0</subfield>
    <subfield code="8">HEMEROTECA</subfield>
    <subfield code="a">BC</subfield>
    <subfield code="b">BC</subfield>
    <subfield code="c">EST02B</subfield>
    <subfield code="h">Volumen 06, N&#xFA;mero 02, Julio-Diciembre de 1981</subfield>
    <subfield code="l">0</subfield>
    <subfield code="p">6-331145</subfield>
    <subfield code="y">REVISTA</subfield>
  </datafield>
  <datafield tag="952" ind1=" " ind2=" ">
    <subfield code="0">0</subfield>
    <subfield code="1">0</subfield>
    <subfield code="4">0</subfield>
    <subfield code="7">0</subfield>
    <subfield code="8">HEMEROTECA</subfield>
    <subfield code="a">BC</subfield>
    <subfield code="b">BC</subfield>
    <subfield code="c">EST02B</subfield>
    <subfield code="h">Volumen 10, N&#xFA;mero 03, Julio-Septiembre de 1985</subfield>
    <subfield code="l">0</subfield>
    <subfield code="p">6-332527</subfield>
    <subfield code="y">REVISTA</subfield>
  </datafield>
  <datafield tag="952" ind1=" " ind2=" ">
    <subfield code="0">0</subfield>
    <subfield code="1">0</subfield>
    <subfield code="4">0</subfield>
    <subfield code="7">0</subfield>
    <subfield code="8">HEMEROTECA</subfield>
    <subfield code="a">BC</subfield>
    <subfield code="b">BC</subfield>
    <subfield code="c">EST02B</subfield>
    <subfield code="h">Volumen 11, N&#xFA;mero 03, Julio-Septiembre de 1986</subfield>
    <subfield code="l">0</subfield>
    <subfield code="p">6-331900</subfield>
    <subfield code="y">REVISTA</subfield>
  </datafield>
  <datafield tag="952" ind1=" " ind2=" ">
    <subfield code="0">0</subfield>
    <subfield code="1">0</subfield>
    <subfield code="4">0</subfield>
    <subfield code="7">0</subfield>
    <subfield code="8">HEMEROTECA</subfield>
    <subfield code="a">BC</subfield>
    <subfield code="b">BC</subfield>
    <subfield code="c">EST02B</subfield>
    <subfield code="h">Volumen 12, N&#xFA;mero 04, Octubre-Diciembre de 1987</subfield>
    <subfield code="l">0</subfield>
    <subfield code="p">6-331903</subfield>
    <subfield code="y">REVISTA</subfield>
  </datafield>
  <datafield tag="952" ind1=" " ind2=" ">
    <subfield code="0">0</subfield>
    <subfield code="1">0</subfield>
    <subfield code="4">0</subfield>
    <subfield code="7">0</subfield>
    <subfield code="8">HEMEROTECA</subfield>
    <subfield code="a">BC</subfield>
    <subfield code="b">BC</subfield>
    <subfield code="c">EST02B</subfield>
    <subfield code="h">Volumen 22, N&#xFA;mero 01, Enero-Marzo de 1997</subfield>
    <subfield code="l">0</subfield>
    <subfield code="p">61000000190237</subfield>
    <subfield code="y">REVISTA</subfield>
  </datafield>
  <datafield tag="952" ind1=" " ind2=" ">
    <subfield code="0">0</subfield>
    <subfield code="1">0</subfield>
    <subfield code="4">0</subfield>
    <subfield code="7">0</subfield>
    <subfield code="8">HEMEROTECA</subfield>
    <subfield code="a">BC</subfield>
    <subfield code="b">BC</subfield>
    <subfield code="c">EST02B</subfield>
    <subfield code="h">Volumen 31, N&#xFA;mero 02, Abril-Junio de 2006</subfield>
    <subfield code="l">0</subfield>
    <subfield code="p">61000005190073</subfield>
    <subfield code="y">REVISTA</subfield>
  </datafield>
  <datafield tag="952" ind1=" " ind2=" ">
    <subfield code="0">0</subfield>
    <subfield code="1">0</subfield>
    <subfield code="4">0</subfield>
    <subfield code="7">0</subfield>
    <subfield code="8">HEMEROTECA</subfield>
    <subfield code="a">BC</subfield>
    <subfield code="b">BC</subfield>
    <subfield code="c">EST02B</subfield>
    <subfield code="h">Volumen 26, N&#xFA;mero 02, Abril-Junio de 2001</subfield>
    <subfield code="l">0</subfield>
    <subfield code="p">61000004134474</subfield>
    <subfield code="y">REVISTA</subfield>
  </datafield>
  <datafield tag="952" ind1=" " ind2=" ">
    <subfield code="0">0</subfield>
    <subfield code="1">0</subfield>
    <subfield code="4">0</subfield>
    <subfield code="7">0</subfield>
    <subfield code="8">HEMEROTECA</subfield>
    <subfield code="a">BC</subfield>
    <subfield code="b">BC</subfield>
    <subfield code="c">EST02B</subfield>
    <subfield code="h">Volumen 32, N&#xFA;mero 04, Octubre-Diciembre de 2007</subfield>
    <subfield code="l">0</subfield>
    <subfield code="p">0679705</subfield>
    <subfield code="y">REVISTA</subfield>
  </datafield>
  <datafield tag="952" ind1=" " ind2=" ">
    <subfield code="0">0</subfield>
    <subfield code="1">0</subfield>
    <subfield code="4">0</subfield>
    <subfield code="7">0</subfield>
    <subfield code="8">HEMEROTECA</subfield>
    <subfield code="a">BC</subfield>
    <subfield code="b">BC</subfield>
    <subfield code="c">EST02B</subfield>
    <subfield code="h">Volumen 34, N&#xFA;mero 01, Enero-Marzo de 2009</subfield>
    <subfield code="l">0</subfield>
    <subfield code="p">0688715</subfield>
    <subfield code="y">REVISTA</subfield>
  </datafield>
  <datafield tag="952" ind1=" " ind2=" ">
    <subfield code="0">0</subfield>
    <subfield code="1">0</subfield>
    <subfield code="4">0</subfield>
    <subfield code="7">0</subfield>
    <subfield code="8">HEMEROTECA</subfield>
    <subfield code="a">BC</subfield>
    <subfield code="b">BC</subfield>
    <subfield code="c">EST02B</subfield>
    <subfield code="h">Volumen 34, N&#xFA;mero 02, Abril-Junio de 2009</subfield>
    <subfield code="l">0</subfield>
    <subfield code="p">0688712</subfield>
    <subfield code="y">REVISTA</subfield>
  </datafield>
  <datafield tag="952" ind1=" " ind2=" ">
    <subfield code="0">0</subfield>
    <subfield code="1">0</subfield>
    <subfield code="4">0</subfield>
    <subfield code="7">0</subfield>
    <subfield code="8">HEMEROTECA</subfield>
    <subfield code="a">BC</subfield>
    <subfield code="b">BC</subfield>
    <subfield code="c">EST02B</subfield>
    <subfield code="h">Volumen 43, N&#xFA;mero 02, Abril-Junio de 2018</subfield>
    <subfield code="l">0</subfield>
    <subfield code="p">01069038</subfield>
    <subfield code="y">REVISTA</subfield>
  </datafield>
  <datafield tag="952" ind1=" " ind2=" ">
    <subfield code="0">0</subfield>
    <subfield code="1">0</subfield>
    <subfield code="4">0</subfield>
    <subfield code="7">0</subfield>
    <subfield code="8">HEMEROTECA</subfield>
    <subfield code="a">BC</subfield>
    <subfield code="b">BC</subfield>
    <subfield code="c">EST02B</subfield>
    <subfield code="h">Volumen 20, N&#xFA;mero 03-04, Julio-Diciembre de 1995</subfield>
    <subfield code="l">0</subfield>
    <subfield code="p">6-332524</subfield>
    <subfield code="y">REVISTA</subfield>
  </datafield>
  <datafield tag="952" ind1=" " ind2=" ">
    <subfield code="0">0</subfield>
    <subfield code="1">0</subfield>
    <subfield code="4">0</subfield>
    <subfield code="7">0</subfield>
    <subfield code="8">HEMEROTECA</subfield>
    <subfield code="a">BC</subfield>
    <subfield code="b">BC</subfield>
    <subfield code="c">EST02B</subfield>
    <subfield code="h">Volumen 04, N&#xFA;mero 01, Enero-Junio de 1979</subfield>
    <subfield code="l">0</subfield>
    <subfield code="p">6-331141</subfield>
    <subfield code="y">REVISTA</subfield>
  </datafield>
  <datafield tag="952" ind1=" " ind2=" ">
    <subfield code="0">0</subfield>
    <subfield code="1">0</subfield>
    <subfield code="4">0</subfield>
    <subfield code="7">0</subfield>
    <subfield code="8">HEMEROTECA</subfield>
    <subfield code="a">BC</subfield>
    <subfield code="b">BC</subfield>
    <subfield code="c">EST02B</subfield>
    <subfield code="h">Volumen 01, N&#xFA;mero 01, Enero-Junio de 1975</subfield>
    <subfield code="l">0</subfield>
    <subfield code="p">0689654</subfield>
    <subfield code="y">REVISTA</subfield>
  </datafield>
  <datafield tag="952" ind1=" " ind2=" ">
    <subfield code="0">0</subfield>
    <subfield code="1">0</subfield>
    <subfield code="4">0</subfield>
    <subfield code="7">0</subfield>
    <subfield code="8">HEMEROTECA</subfield>
    <subfield code="a">BC</subfield>
    <subfield code="b">BC</subfield>
    <subfield code="c">EST02B</subfield>
    <subfield code="h">Volumen 02, N&#xFA;mero 02, Julio-Diciembre de 1977</subfield>
    <subfield code="l">0</subfield>
    <subfield code="p">6-330474</subfield>
    <subfield code="y">REVISTA</subfield>
  </datafield>
  <datafield tag="952" ind1=" " ind2=" ">
    <subfield code="0">0</subfield>
    <subfield code="1">0</subfield>
    <subfield code="4">0</subfield>
    <subfield code="7">0</subfield>
    <subfield code="8">HEMEROTECA</subfield>
    <subfield code="a">BC</subfield>
    <subfield code="b">BC</subfield>
    <subfield code="c">EST02B</subfield>
    <subfield code="h">Volumen 15, N&#xFA;mero 04, Octubre-Diciembre de 1990</subfield>
    <subfield code="l">0</subfield>
    <subfield code="p">6-331916</subfield>
    <subfield code="y">REVISTA</subfield>
  </datafield>
  <datafield tag="952" ind1=" " ind2=" ">
    <subfield code="0">0</subfield>
    <subfield code="1">0</subfield>
    <subfield code="4">0</subfield>
    <subfield code="7">0</subfield>
    <subfield code="8">HEMEROTECA</subfield>
    <subfield code="a">BC</subfield>
    <subfield code="b">BC</subfield>
    <subfield code="c">EST02B</subfield>
    <subfield code="h">Volumen 17, N&#xFA;mero 02, Abril-Junio de 1992</subfield>
    <subfield code="l">0</subfield>
    <subfield code="p">6-331917</subfield>
    <subfield code="y">REVISTA</subfield>
  </datafield>
  <datafield tag="952" ind1=" " ind2=" ">
    <subfield code="0">0</subfield>
    <subfield code="1">0</subfield>
    <subfield code="4">0</subfield>
    <subfield code="7">0</subfield>
    <subfield code="8">HEMEROTECA</subfield>
    <subfield code="a">BC</subfield>
    <subfield code="b">BC</subfield>
    <subfield code="c">EST02B</subfield>
    <subfield code="h">Volumen 37, N&#xFA;mero 01, Enero-Marzo de 2012</subfield>
    <subfield code="l">0</subfield>
    <subfield code="p">87820</subfield>
    <subfield code="y">REVISTA</subfield>
  </datafield>
  <datafield tag="952" ind1=" " ind2=" ">
    <subfield code="0">0</subfield>
    <subfield code="1">0</subfield>
    <subfield code="4">0</subfield>
    <subfield code="7">0</subfield>
    <subfield code="8">HEMEROTECA</subfield>
    <subfield code="a">BC</subfield>
    <subfield code="b">BC</subfield>
    <subfield code="c">EST02B</subfield>
    <subfield code="h">Volumen 28, N&#xFA;mero 01, Enero-Marzo de 2003</subfield>
    <subfield code="l">0</subfield>
    <subfield code="p">0547889</subfield>
    <subfield code="y">REVISTA</subfield>
  </datafield>
  <datafield tag="952" ind1=" " ind2=" ">
    <subfield code="0">0</subfield>
    <subfield code="1">0</subfield>
    <subfield code="4">0</subfield>
    <subfield code="7">0</subfield>
    <subfield code="8">HEMEROTECA</subfield>
    <subfield code="a">BC</subfield>
    <subfield code="b">BC</subfield>
    <subfield code="c">EST02B</subfield>
    <subfield code="h">Volumen 24, N&#xFA;mero 03, Julio-Septiembre de 1999</subfield>
    <subfield code="l">0</subfield>
    <subfield code="p">61000002135800</subfield>
    <subfield code="y">REVISTA</subfield>
  </datafield>
  <datafield tag="952" ind1=" " ind2=" ">
    <subfield code="0">0</subfield>
    <subfield code="1">0</subfield>
    <subfield code="4">0</subfield>
    <subfield code="7">0</subfield>
    <subfield code="8">HEMEROTECA</subfield>
    <subfield code="a">BC</subfield>
    <subfield code="b">BC</subfield>
    <subfield code="c">EST02B</subfield>
    <subfield code="h">Volumen 26, N&#xFA;mero 01, Enero-Marzo de 2001</subfield>
    <subfield code="l">0</subfield>
    <subfield code="p">61000002032460</subfield>
    <subfield code="y">REVISTA</subfield>
  </datafield>
  <datafield tag="952" ind1=" " ind2=" ">
    <subfield code="0">0</subfield>
    <subfield code="1">0</subfield>
    <subfield code="4">0</subfield>
    <subfield code="7">0</subfield>
    <subfield code="8">HEMEROTECA</subfield>
    <subfield code="a">BC</subfield>
    <subfield code="b">BC</subfield>
    <subfield code="c">EST02B</subfield>
    <subfield code="h">Volumen 30, N&#xFA;mero 01, Enero-Marzo de 2005</subfield>
    <subfield code="l">0</subfield>
    <subfield code="p">61000004241431</subfield>
    <subfield code="y">REVISTA</subfield>
  </datafield>
  <datafield tag="952" ind1=" " ind2=" ">
    <subfield code="0">0</subfield>
    <subfield code="1">0</subfield>
    <subfield code="4">0</subfield>
    <subfield code="7">0</subfield>
    <subfield code="8">HEMEROTECA</subfield>
    <subfield code="a">BC</subfield>
    <subfield code="b">BC</subfield>
    <subfield code="c">EST02B</subfield>
    <subfield code="h">Volumen 35, N&#xFA;mero 02, Abril-Junio de 2010</subfield>
    <subfield code="l">0</subfield>
    <subfield code="p">0750625</subfield>
    <subfield code="y">REVISTA</subfield>
  </datafield>
  <datafield tag="952" ind1=" " ind2=" ">
    <subfield code="0">0</subfield>
    <subfield code="1">0</subfield>
    <subfield code="4">0</subfield>
    <subfield code="7">0</subfield>
    <subfield code="8">HEMEROTECA</subfield>
    <subfield code="a">BC</subfield>
    <subfield code="b">BC</subfield>
    <subfield code="c">EST02B</subfield>
    <subfield code="h">Volumen 36, N&#xFA;mero 02, Abril-Junio de 2011</subfield>
    <subfield code="l">0</subfield>
    <subfield code="p">807057</subfield>
    <subfield code="y">REVISTA</subfield>
  </datafield>
  <datafield tag="952" ind1=" " ind2=" ">
    <subfield code="0">0</subfield>
    <subfield code="1">0</subfield>
    <subfield code="4">0</subfield>
    <subfield code="7">0</subfield>
    <subfield code="8">HEMEROTECA</subfield>
    <subfield code="a">BC</subfield>
    <subfield code="b">BC</subfield>
    <subfield code="c">EST02B</subfield>
    <subfield code="h">Volumen 42, N&#xFA;mero 04, Octubre-Diciembre de 2017</subfield>
    <subfield code="l">0</subfield>
    <subfield code="p">01069040</subfield>
    <subfield code="y">REVISTA</subfield>
  </datafield>
  <datafield tag="952" ind1=" " ind2=" ">
    <subfield code="0">0</subfield>
    <subfield code="1">0</subfield>
    <subfield code="4">0</subfield>
    <subfield code="7">0</subfield>
    <subfield code="8">HEMEROTECA</subfield>
    <subfield code="a">BC</subfield>
    <subfield code="b">BC</subfield>
    <subfield code="c">EST02B</subfield>
    <subfield code="h">Volumen 43, N&#xFA;mero 03, Julio-Septiembre de 2018</subfield>
    <subfield code="l">0</subfield>
    <subfield code="p">01069042</subfield>
    <subfield code="y">REVISTA</subfield>
  </datafield>
  <datafield tag="952" ind1=" " ind2=" ">
    <subfield code="0">0</subfield>
    <subfield code="1">0</subfield>
    <subfield code="4">0</subfield>
    <subfield code="7">0</subfield>
    <subfield code="8">HEMEROTECA</subfield>
    <subfield code="a">BC</subfield>
    <subfield code="b">BC</subfield>
    <subfield code="c">EST02B</subfield>
    <subfield code="h">Volumen 14, N&#xFA;mero 01, Enero-Marzo de 1989</subfield>
    <subfield code="l">0</subfield>
    <subfield code="p">6-331910</subfield>
    <subfield code="y">REVISTA</subfield>
  </datafield>
  <datafield tag="952" ind1=" " ind2=" ">
    <subfield code="0">0</subfield>
    <subfield code="1">0</subfield>
    <subfield code="4">0</subfield>
    <subfield code="7">0</subfield>
    <subfield code="8">HEMEROTECA</subfield>
    <subfield code="a">BC</subfield>
    <subfield code="b">BC</subfield>
    <subfield code="c">EST02B</subfield>
    <subfield code="h">Volumen 20, N&#xFA;mero 01-02, Enero-Junio de 1995</subfield>
    <subfield code="l">0</subfield>
    <subfield code="p">6-332526</subfield>
    <subfield code="y">REVISTA</subfield>
  </datafield>
  <datafield tag="952" ind1=" " ind2=" ">
    <subfield code="0">0</subfield>
    <subfield code="1">0</subfield>
    <subfield code="4">0</subfield>
    <subfield code="7">0</subfield>
    <subfield code="8">HEMEROTECA</subfield>
    <subfield code="a">BC</subfield>
    <subfield code="b">BC</subfield>
    <subfield code="c">EST02B</subfield>
    <subfield code="h">Volumen 03, N&#xFA;mero 01, Enero-Junio de 1978</subfield>
    <subfield code="l">0</subfield>
    <subfield code="p">6-330471</subfield>
    <subfield code="y">REVISTA</subfield>
  </datafield>
  <datafield tag="952" ind1=" " ind2=" ">
    <subfield code="0">0</subfield>
    <subfield code="1">0</subfield>
    <subfield code="4">0</subfield>
    <subfield code="7">0</subfield>
    <subfield code="8">HEMEROTECA</subfield>
    <subfield code="a">BC</subfield>
    <subfield code="b">BC</subfield>
    <subfield code="c">EST02B</subfield>
    <subfield code="h">Volumen 08, N&#xFA;mero 02, Julio-Diciembre de 1983</subfield>
    <subfield code="l">0</subfield>
    <subfield code="p">6-331153</subfield>
    <subfield code="y">REVISTA</subfield>
  </datafield>
  <datafield tag="952" ind1=" " ind2=" ">
    <subfield code="0">0</subfield>
    <subfield code="1">0</subfield>
    <subfield code="4">0</subfield>
    <subfield code="7">0</subfield>
    <subfield code="8">HEMEROTECA</subfield>
    <subfield code="a">BC</subfield>
    <subfield code="b">BC</subfield>
    <subfield code="c">EST02B</subfield>
    <subfield code="h">Volumen 38, N&#xFA;mero 01, Enero-Marzo de 2013</subfield>
    <subfield code="l">0</subfield>
    <subfield code="p">0983800</subfield>
    <subfield code="y">REVISTA</subfield>
  </datafield>
  <datafield tag="952" ind1=" " ind2=" ">
    <subfield code="0">0</subfield>
    <subfield code="1">0</subfield>
    <subfield code="4">0</subfield>
    <subfield code="7">0</subfield>
    <subfield code="8">HEMEROTECA</subfield>
    <subfield code="a">BC</subfield>
    <subfield code="b">BC</subfield>
    <subfield code="c">EST02B</subfield>
    <subfield code="h">Volumen 27, N&#xFA;mero 01, Enero-Marzo de 2002</subfield>
    <subfield code="l">0</subfield>
    <subfield code="p">61000005081340</subfield>
    <subfield code="y">REVISTA</subfield>
  </datafield>
  <datafield tag="952" ind1=" " ind2=" ">
    <subfield code="0">0</subfield>
    <subfield code="1">0</subfield>
    <subfield code="4">0</subfield>
    <subfield code="7">0</subfield>
    <subfield code="8">HEMEROTECA</subfield>
    <subfield code="a">BC</subfield>
    <subfield code="b">BC</subfield>
    <subfield code="c">EST02B</subfield>
    <subfield code="h">Volumen 02, N&#xFA;mero 01, Enero-Junio de 1977</subfield>
    <subfield code="l">0</subfield>
    <subfield code="p">6-330472</subfield>
    <subfield code="y">REVISTA</subfield>
  </datafield>
  <datafield tag="952" ind1=" " ind2=" ">
    <subfield code="0">0</subfield>
    <subfield code="1">0</subfield>
    <subfield code="4">0</subfield>
    <subfield code="7">0</subfield>
    <subfield code="8">HEMEROTECA</subfield>
    <subfield code="a">BC</subfield>
    <subfield code="b">BC</subfield>
    <subfield code="c">EST02B</subfield>
    <subfield code="h">Volumen 31, N&#xFA;mero 01, Enero-Marzo de 2006</subfield>
    <subfield code="l">0</subfield>
    <subfield code="p">61000005190110</subfield>
    <subfield code="y">REVISTA</subfield>
  </datafield>
  <datafield tag="952" ind1=" " ind2=" ">
    <subfield code="0">0</subfield>
    <subfield code="1">0</subfield>
    <subfield code="4">0</subfield>
    <subfield code="7">0</subfield>
    <subfield code="8">HEMEROTECA</subfield>
    <subfield code="a">BC</subfield>
    <subfield code="b">BC</subfield>
    <subfield code="c">EST02B</subfield>
    <subfield code="h">Volumen 24, N&#xFA;mero 01, Enero-Marzo de 1999</subfield>
    <subfield code="l">0</subfield>
    <subfield code="p">61000002135685</subfield>
    <subfield code="y">REVISTA</subfield>
  </datafield>
  <datafield tag="952" ind1=" " ind2=" ">
    <subfield code="0">0</subfield>
    <subfield code="1">0</subfield>
    <subfield code="4">0</subfield>
    <subfield code="7">0</subfield>
    <subfield code="8">HEMEROTECA</subfield>
    <subfield code="a">BC</subfield>
    <subfield code="b">BC</subfield>
    <subfield code="c">EST02B</subfield>
    <subfield code="h">Volumen 30, N&#xFA;mero 03, Julio-Septiembre de 2005</subfield>
    <subfield code="l">0</subfield>
    <subfield code="p">61000005190097</subfield>
    <subfield code="y">REVISTA</subfield>
  </datafield>
  <datafield tag="952" ind1=" " ind2=" ">
    <subfield code="0">0</subfield>
    <subfield code="1">0</subfield>
    <subfield code="4">0</subfield>
    <subfield code="7">0</subfield>
    <subfield code="8">HEMEROTECA</subfield>
    <subfield code="a">BC</subfield>
    <subfield code="b">BC</subfield>
    <subfield code="c">EST02B</subfield>
    <subfield code="h">Volumen 13, N&#xFA;mero 02, Abril-Junio de 1988</subfield>
    <subfield code="l">0</subfield>
    <subfield code="p">6-331908</subfield>
    <subfield code="y">REVISTA</subfield>
  </datafield>
  <datafield tag="952" ind1=" " ind2=" ">
    <subfield code="0">0</subfield>
    <subfield code="1">0</subfield>
    <subfield code="4">0</subfield>
    <subfield code="7">0</subfield>
    <subfield code="8">HEMEROTECA</subfield>
    <subfield code="a">BC</subfield>
    <subfield code="b">BC</subfield>
    <subfield code="c">EST02B</subfield>
    <subfield code="h">Volumen 29, N&#xFA;mero 01, Enero-Marzo de 2004</subfield>
    <subfield code="l">0</subfield>
    <subfield code="p">0565458</subfield>
    <subfield code="y">REVISTA</subfield>
  </datafield>
  <datafield tag="952" ind1=" " ind2=" ">
    <subfield code="0">0</subfield>
    <subfield code="1">0</subfield>
    <subfield code="4">0</subfield>
    <subfield code="7">0</subfield>
    <subfield code="8">HEMEROTECA</subfield>
    <subfield code="a">BC</subfield>
    <subfield code="b">BC</subfield>
    <subfield code="c">EST02B</subfield>
    <subfield code="h">Volumen 05, N&#xFA;mero 01, Enero-Junio de 1980</subfield>
    <subfield code="l">0</subfield>
    <subfield code="p">6-331143</subfield>
    <subfield code="y">REVISTA</subfield>
  </datafield>
  <datafield tag="952" ind1=" " ind2=" ">
    <subfield code="0">0</subfield>
    <subfield code="1">0</subfield>
    <subfield code="4">0</subfield>
    <subfield code="7">0</subfield>
    <subfield code="8">HEMEROTECA</subfield>
    <subfield code="a">BC</subfield>
    <subfield code="b">BC</subfield>
    <subfield code="c">EST02B</subfield>
    <subfield code="h">Volumen 13, N&#xFA;mero 01, Enero-Marzo de 1988</subfield>
    <subfield code="l">0</subfield>
    <subfield code="p">6-331906</subfield>
    <subfield code="y">REVISTA</subfield>
  </datafield>
  <datafield tag="952" ind1=" " ind2=" ">
    <subfield code="0">0</subfield>
    <subfield code="1">0</subfield>
    <subfield code="4">0</subfield>
    <subfield code="7">0</subfield>
    <subfield code="8">HEMEROTECA</subfield>
    <subfield code="a">BC</subfield>
    <subfield code="b">BC</subfield>
    <subfield code="c">EST02B</subfield>
    <subfield code="h">Volumen 16, N&#xFA;mero 01, Enero-Marzo de 1991</subfield>
    <subfield code="l">0</subfield>
    <subfield code="p">6-331915</subfield>
    <subfield code="y">REVISTA</subfield>
  </datafield>
  <datafield tag="952" ind1=" " ind2=" ">
    <subfield code="0">0</subfield>
    <subfield code="1">0</subfield>
    <subfield code="4">0</subfield>
    <subfield code="7">0</subfield>
    <subfield code="8">HEMEROTECA</subfield>
    <subfield code="a">BC</subfield>
    <subfield code="b">BC</subfield>
    <subfield code="c">EST02B</subfield>
    <subfield code="h">Volumen 37, N&#xFA;mero 03, Julio-Septiembre de 2012</subfield>
    <subfield code="l">0</subfield>
    <subfield code="p">0971804</subfield>
    <subfield code="y">REVISTA</subfield>
  </datafield>
  <datafield tag="952" ind1=" " ind2=" ">
    <subfield code="0">0</subfield>
    <subfield code="1">0</subfield>
    <subfield code="4">0</subfield>
    <subfield code="7">0</subfield>
    <subfield code="8">HEMEROTECA</subfield>
    <subfield code="a">BC</subfield>
    <subfield code="b">BC</subfield>
    <subfield code="c">EST02B</subfield>
    <subfield code="h">Volumen 30, N&#xFA;mero 04, Octubre-Diciembre de 2005</subfield>
    <subfield code="l">0</subfield>
    <subfield code="p">61000005190103</subfield>
    <subfield code="y">REVISTA</subfield>
  </datafield>
  <datafield tag="952" ind1=" " ind2=" ">
    <subfield code="0">0</subfield>
    <subfield code="1">0</subfield>
    <subfield code="4">0</subfield>
    <subfield code="7">0</subfield>
    <subfield code="8">HEMEROTECA</subfield>
    <subfield code="a">BC</subfield>
    <subfield code="b">BC</subfield>
    <subfield code="c">EST02B</subfield>
    <subfield code="h">Volumen 29, N&#xFA;mero 04, Octubre-Diciembre de 2004</subfield>
    <subfield code="l">0</subfield>
    <subfield code="p">0588294</subfield>
    <subfield code="y">REVISTA</subfield>
  </datafield>
  <datafield tag="952" ind1=" " ind2=" ">
    <subfield code="0">0</subfield>
    <subfield code="1">0</subfield>
    <subfield code="4">0</subfield>
    <subfield code="7">0</subfield>
    <subfield code="8">HEMEROTECA</subfield>
    <subfield code="a">BC</subfield>
    <subfield code="b">BC</subfield>
    <subfield code="c">EST02B</subfield>
    <subfield code="h">Volumen 33, N&#xFA;mero 03, Julio-Septiembre de 2008</subfield>
    <subfield code="l">0</subfield>
    <subfield code="p">0688854</subfield>
    <subfield code="y">REVISTA</subfield>
  </datafield>
  <datafield tag="952" ind1=" " ind2=" ">
    <subfield code="0">0</subfield>
    <subfield code="1">0</subfield>
    <subfield code="4">0</subfield>
    <subfield code="7">0</subfield>
    <subfield code="8">HEMEROTECA</subfield>
    <subfield code="a">BC</subfield>
    <subfield code="b">BC</subfield>
    <subfield code="c">EST02B</subfield>
    <subfield code="h">Volumen 06, N&#xFA;mero 01, Enero-Julio de 1981</subfield>
    <subfield code="l">0</subfield>
    <subfield code="p">6-330469</subfield>
    <subfield code="y">REVISTA</subfield>
  </datafield>
  <datafield tag="952" ind1=" " ind2=" ">
    <subfield code="0">0</subfield>
    <subfield code="1">0</subfield>
    <subfield code="4">0</subfield>
    <subfield code="7">0</subfield>
    <subfield code="8">HEMEROTECA</subfield>
    <subfield code="a">BC</subfield>
    <subfield code="b">BC</subfield>
    <subfield code="c">EST02B</subfield>
    <subfield code="h">Volumen 11, N&#xFA;mero 04, Octubre-Diciembre de 1986</subfield>
    <subfield code="l">0</subfield>
    <subfield code="p">6-331902</subfield>
    <subfield code="y">REVISTA</subfield>
  </datafield>
  <datafield tag="952" ind1=" " ind2=" ">
    <subfield code="0">0</subfield>
    <subfield code="1">0</subfield>
    <subfield code="4">0</subfield>
    <subfield code="7">0</subfield>
    <subfield code="8">HEMEROTECA</subfield>
    <subfield code="a">BC</subfield>
    <subfield code="b">BC</subfield>
    <subfield code="c">EST02B</subfield>
    <subfield code="h">Volumen 12, N&#xFA;mero 02, Abril-Junio de 1987</subfield>
    <subfield code="l">0</subfield>
    <subfield code="p">6-331901</subfield>
    <subfield code="y">REVISTA</subfield>
  </datafield>
  <datafield tag="952" ind1=" " ind2=" ">
    <subfield code="0">0</subfield>
    <subfield code="1">0</subfield>
    <subfield code="4">0</subfield>
    <subfield code="7">0</subfield>
    <subfield code="8">HEMEROTECA</subfield>
    <subfield code="a">BC</subfield>
    <subfield code="b">BC</subfield>
    <subfield code="c">EST02B</subfield>
    <subfield code="h">Volumen 10, N&#xFA;mero 01, Enero-Marzo de 1985</subfield>
    <subfield code="l">0</subfield>
    <subfield code="p">6-331154</subfield>
    <subfield code="y">REVISTA</subfield>
  </datafield>
  <datafield tag="952" ind1=" " ind2=" ">
    <subfield code="0">0</subfield>
    <subfield code="1">0</subfield>
    <subfield code="4">0</subfield>
    <subfield code="7">0</subfield>
    <subfield code="8">HEMEROTECA</subfield>
    <subfield code="a">BC</subfield>
    <subfield code="b">BC</subfield>
    <subfield code="c">EST02B</subfield>
    <subfield code="h">Volumen 16, N&#xFA;mero 04, Octubre-Diciembre de 1991</subfield>
    <subfield code="l">0</subfield>
    <subfield code="p">6-331922</subfield>
    <subfield code="y">REVISTA</subfield>
  </datafield>
  <datafield tag="952" ind1=" " ind2=" ">
    <subfield code="0">0</subfield>
    <subfield code="1">0</subfield>
    <subfield code="4">0</subfield>
    <subfield code="7">0</subfield>
    <subfield code="8">HEMEROTECA</subfield>
    <subfield code="a">BC</subfield>
    <subfield code="b">BC</subfield>
    <subfield code="c">EST02B</subfield>
    <subfield code="h">Volumen 37, N&#xFA;mero 02, Abril-Junio de 2012</subfield>
    <subfield code="l">0</subfield>
    <subfield code="p">0971805</subfield>
    <subfield code="y">REVISTA</subfield>
  </datafield>
  <datafield tag="952" ind1=" " ind2=" ">
    <subfield code="0">0</subfield>
    <subfield code="1">0</subfield>
    <subfield code="4">0</subfield>
    <subfield code="7">0</subfield>
    <subfield code="8">HEMEROTECA</subfield>
    <subfield code="a">BC</subfield>
    <subfield code="b">BC</subfield>
    <subfield code="c">EST02B</subfield>
    <subfield code="h">Volumen 33, N&#xFA;mero 01, Enero-Marzo de 2008</subfield>
    <subfield code="l">0</subfield>
    <subfield code="p">0679704</subfield>
    <subfield code="y">REVISTA</subfield>
  </datafield>
  <datafield tag="952" ind1=" " ind2=" ">
    <subfield code="0">0</subfield>
    <subfield code="1">0</subfield>
    <subfield code="4">0</subfield>
    <subfield code="7">0</subfield>
    <subfield code="8">HEMEROTECA</subfield>
    <subfield code="a">BC</subfield>
    <subfield code="b">BC</subfield>
    <subfield code="c">EST02B</subfield>
    <subfield code="h">Volumen 39, N&#xFA;mero 02, Abril-Junio de 2014</subfield>
    <subfield code="l">0</subfield>
    <subfield code="p">01010954</subfield>
    <subfield code="y">REVISTA</subfield>
  </datafield>
  <datafield tag="952" ind1=" " ind2=" ">
    <subfield code="0">0</subfield>
    <subfield code="1">0</subfield>
    <subfield code="4">0</subfield>
    <subfield code="7">0</subfield>
    <subfield code="8">HEMEROTECA</subfield>
    <subfield code="a">BC</subfield>
    <subfield code="b">BC</subfield>
    <subfield code="c">EST02B</subfield>
    <subfield code="h">Volumen 13, N&#xFA;mero 03, Julio-Septiembre de 1988</subfield>
    <subfield code="l">0</subfield>
    <subfield code="p">6-331905</subfield>
    <subfield code="y">REVISTA</subfield>
  </datafield>
  <datafield tag="952" ind1=" " ind2=" ">
    <subfield code="0">0</subfield>
    <subfield code="1">0</subfield>
    <subfield code="4">0</subfield>
    <subfield code="7">0</subfield>
    <subfield code="8">HEMEROTECA</subfield>
    <subfield code="a">BC</subfield>
    <subfield code="b">BC</subfield>
    <subfield code="c">EST02B</subfield>
    <subfield code="h">Volumen 35, N&#xFA;mero 01, Enero-Marzo de 2010</subfield>
    <subfield code="l">0</subfield>
    <subfield code="p">0750834</subfield>
    <subfield code="y">REVISTA</subfield>
  </datafield>
  <datafield tag="952" ind1=" " ind2=" ">
    <subfield code="0">0</subfield>
    <subfield code="1">0</subfield>
    <subfield code="4">0</subfield>
    <subfield code="7">0</subfield>
    <subfield code="8">HEMEROTECA</subfield>
    <subfield code="a">BC</subfield>
    <subfield code="b">BC</subfield>
    <subfield code="c">EST02B</subfield>
    <subfield code="h">Volumen 11, N&#xFA;mero 02, Abril-Junio de 1986</subfield>
    <subfield code="l">0</subfield>
    <subfield code="p">6-331897</subfield>
    <subfield code="y">REVISTA</subfield>
  </datafield>
  <datafield tag="952" ind1=" " ind2=" ">
    <subfield code="0">0</subfield>
    <subfield code="1">0</subfield>
    <subfield code="4">0</subfield>
    <subfield code="7">0</subfield>
    <subfield code="8">HEMEROTECA</subfield>
    <subfield code="a">BC</subfield>
    <subfield code="b">BC</subfield>
    <subfield code="c">EST02B</subfield>
    <subfield code="h">Volumen 18, N&#xFA;mero 01, Enero-Marzo de 1993</subfield>
    <subfield code="l">0</subfield>
    <subfield code="p">6-332532</subfield>
    <subfield code="y">REVISTA</subfield>
  </datafield>
  <datafield tag="952" ind1=" " ind2=" ">
    <subfield code="0">0</subfield>
    <subfield code="1">0</subfield>
    <subfield code="4">0</subfield>
    <subfield code="7">0</subfield>
    <subfield code="8">HEMEROTECA</subfield>
    <subfield code="a">BC</subfield>
    <subfield code="b">BC</subfield>
    <subfield code="c">EST02B</subfield>
    <subfield code="h">Volumen 27, N&#xFA;mero 03, Julio-Septiembre de 2002</subfield>
    <subfield code="l">0</subfield>
    <subfield code="p">0547894</subfield>
    <subfield code="y">REVISTA</subfield>
  </datafield>
  <datafield tag="952" ind1=" " ind2=" ">
    <subfield code="0">0</subfield>
    <subfield code="1">0</subfield>
    <subfield code="4">0</subfield>
    <subfield code="7">0</subfield>
    <subfield code="8">HEMEROTECA</subfield>
    <subfield code="a">BC</subfield>
    <subfield code="b">BC</subfield>
    <subfield code="c">EST02B</subfield>
    <subfield code="h">Volumen 23, N&#xFA;mero 03, Julio-Septiembre de 1998</subfield>
    <subfield code="l">0</subfield>
    <subfield code="p">61000002136030</subfield>
    <subfield code="y">REVISTA</subfield>
  </datafield>
  <datafield tag="952" ind1=" " ind2=" ">
    <subfield code="0">0</subfield>
    <subfield code="1">0</subfield>
    <subfield code="4">0</subfield>
    <subfield code="7">0</subfield>
    <subfield code="8">HEMEROTECA</subfield>
    <subfield code="a">BC</subfield>
    <subfield code="b">BC</subfield>
    <subfield code="c">EST02B</subfield>
    <subfield code="h">Volumen 24, N&#xFA;mero 04, Octubre-Diciembre de 1999</subfield>
    <subfield code="l">0</subfield>
    <subfield code="p">61000002135867</subfield>
    <subfield code="y">REVISTA</subfield>
  </datafield>
  <datafield tag="952" ind1=" " ind2=" ">
    <subfield code="0">0</subfield>
    <subfield code="1">0</subfield>
    <subfield code="4">0</subfield>
    <subfield code="7">0</subfield>
    <subfield code="8">HEMEROTECA</subfield>
    <subfield code="a">BC</subfield>
    <subfield code="b">BC</subfield>
    <subfield code="c">EST02B</subfield>
    <subfield code="h">Volumen 28, N&#xFA;mero 04, Octubre-Diciembre de 2003</subfield>
    <subfield code="l">0</subfield>
    <subfield code="p">0554991</subfield>
    <subfield code="y">REVISTA</subfield>
  </datafield>
  <datafield tag="952" ind1=" " ind2=" ">
    <subfield code="0">0</subfield>
    <subfield code="1">0</subfield>
    <subfield code="4">0</subfield>
    <subfield code="7">0</subfield>
    <subfield code="8">HEMEROTECA</subfield>
    <subfield code="a">BC</subfield>
    <subfield code="b">BC</subfield>
    <subfield code="c">EST02B</subfield>
    <subfield code="h">Volumen 31, N&#xFA;mero 03, Julio-Septiembre de 2006</subfield>
    <subfield code="l">0</subfield>
    <subfield code="p">0723481</subfield>
    <subfield code="y">REVISTA</subfield>
  </datafield>
  <datafield tag="952" ind1=" " ind2=" ">
    <subfield code="0">0</subfield>
    <subfield code="1">0</subfield>
    <subfield code="4">0</subfield>
    <subfield code="7">0</subfield>
    <subfield code="8">HEMEROTECA</subfield>
    <subfield code="a">BC</subfield>
    <subfield code="b">BC</subfield>
    <subfield code="c">EST02B</subfield>
    <subfield code="h">Volumen 35, N&#xFA;mero 03, Julio-Septiembre de  2010</subfield>
    <subfield code="l">0</subfield>
    <subfield code="p">0750624</subfield>
    <subfield code="y">REVISTA</subfield>
  </datafield>
  <datafield tag="952" ind1=" " ind2=" ">
    <subfield code="0">0</subfield>
    <subfield code="1">0</subfield>
    <subfield code="4">0</subfield>
    <subfield code="7">0</subfield>
    <subfield code="8">HEMEROTECA</subfield>
    <subfield code="a">BC</subfield>
    <subfield code="b">BC</subfield>
    <subfield code="c">EST02B</subfield>
    <subfield code="h">Volumen 38, N&#xFA;mero 04, Octubre-Diciembre de 2013</subfield>
    <subfield code="l">0</subfield>
    <subfield code="p">0994757</subfield>
    <subfield code="y">REVISTA</subfield>
  </datafield>
  <datafield tag="952" ind1=" " ind2=" ">
    <subfield code="0">0</subfield>
    <subfield code="1">0</subfield>
    <subfield code="4">0</subfield>
    <subfield code="7">0</subfield>
    <subfield code="8">HEMEROTECA</subfield>
    <subfield code="a">BC</subfield>
    <subfield code="b">BC</subfield>
    <subfield code="c">EST02B</subfield>
    <subfield code="h">Volumen 39, N&#xFA;mero 01, Enero-Marzo de 2014</subfield>
    <subfield code="l">0</subfield>
    <subfield code="p">01010957</subfield>
    <subfield code="y">REVISTA</subfield>
  </datafield>
  <datafield tag="952" ind1=" " ind2=" ">
    <subfield code="0">0</subfield>
    <subfield code="1">0</subfield>
    <subfield code="4">0</subfield>
    <subfield code="7">0</subfield>
    <subfield code="8">HEMEROTECA</subfield>
    <subfield code="a">BC</subfield>
    <subfield code="b">BC</subfield>
    <subfield code="c">EST02B</subfield>
    <subfield code="h">Volumen 09, N&#xFA;mero 03, Septiembre-Diciembre de 1984</subfield>
    <subfield code="l">0</subfield>
    <subfield code="p">6-331151</subfield>
    <subfield code="y">REVISTA</subfield>
  </datafield>
  <datafield tag="952" ind1=" " ind2=" ">
    <subfield code="0">0</subfield>
    <subfield code="1">0</subfield>
    <subfield code="4">0</subfield>
    <subfield code="7">0</subfield>
    <subfield code="8">HEMEROTECA</subfield>
    <subfield code="a">BC</subfield>
    <subfield code="b">BC</subfield>
    <subfield code="c">EST02B</subfield>
    <subfield code="h">Volumen 04, N&#xFA;mero 02, Julio-Diciembre de 1979</subfield>
    <subfield code="l">0</subfield>
    <subfield code="p">6-331144</subfield>
    <subfield code="y">REVISTA</subfield>
  </datafield>
  <datafield tag="952" ind1=" " ind2=" ">
    <subfield code="0">0</subfield>
    <subfield code="1">0</subfield>
    <subfield code="4">0</subfield>
    <subfield code="7">0</subfield>
    <subfield code="8">HEMEROTECA</subfield>
    <subfield code="a">BC</subfield>
    <subfield code="b">BC</subfield>
    <subfield code="c">EST02B</subfield>
    <subfield code="h">Volumen 09, N&#xFA;mero 02, Mayo-Agosto de 1984</subfield>
    <subfield code="l">0</subfield>
    <subfield code="p">6-331149</subfield>
    <subfield code="y">REVISTA</subfield>
  </datafield>
  <datafield tag="952" ind1=" " ind2=" ">
    <subfield code="0">0</subfield>
    <subfield code="1">0</subfield>
    <subfield code="4">0</subfield>
    <subfield code="7">0</subfield>
    <subfield code="8">HEMEROTECA</subfield>
    <subfield code="a">BC</subfield>
    <subfield code="b">BC</subfield>
    <subfield code="c">EST02B</subfield>
    <subfield code="h">Volumen 25, N&#xFA;mero 04, Octubre-Diciembre de 2000</subfield>
    <subfield code="l">0</subfield>
    <subfield code="p">61000002032528</subfield>
    <subfield code="y">REVISTA</subfield>
  </datafield>
  <datafield tag="952" ind1=" " ind2=" ">
    <subfield code="0">0</subfield>
    <subfield code="1">0</subfield>
    <subfield code="4">0</subfield>
    <subfield code="7">0</subfield>
    <subfield code="8">HEMEROTECA</subfield>
    <subfield code="a">BC</subfield>
    <subfield code="b">BC</subfield>
    <subfield code="c">EST02B</subfield>
    <subfield code="h">Volumen 32, N&#xFA;mero 01, Enero-Marzo de 2007</subfield>
    <subfield code="l">0</subfield>
    <subfield code="p">0723477</subfield>
    <subfield code="y">REVISTA</subfield>
  </datafield>
  <datafield tag="952" ind1=" " ind2=" ">
    <subfield code="0">0</subfield>
    <subfield code="1">0</subfield>
    <subfield code="4">0</subfield>
    <subfield code="7">0</subfield>
    <subfield code="8">HEMEROTECA</subfield>
    <subfield code="a">BC</subfield>
    <subfield code="b">BC</subfield>
    <subfield code="c">EST02B</subfield>
    <subfield code="h">Volumen 35, N&#xFA;mero 04, Octubre-Diciembre de 2010</subfield>
    <subfield code="l">0</subfield>
    <subfield code="p">807055</subfield>
    <subfield code="y">REVISTA</subfield>
  </datafield>
  <datafield tag="952" ind1=" " ind2=" ">
    <subfield code="0">0</subfield>
    <subfield code="1">0</subfield>
    <subfield code="4">0</subfield>
    <subfield code="7">0</subfield>
    <subfield code="8">HEMEROTECA</subfield>
    <subfield code="a">BC</subfield>
    <subfield code="b">BC</subfield>
    <subfield code="c">EST02B</subfield>
    <subfield code="h">Volumen 07, N&#xFA;mero 02, Julio-Diciembre de 1982</subfield>
    <subfield code="l">0</subfield>
    <subfield code="p">6-331147</subfield>
    <subfield code="y">REVISTA</subfield>
  </datafield>
  <datafield tag="952" ind1=" " ind2=" ">
    <subfield code="0">0</subfield>
    <subfield code="1">0</subfield>
    <subfield code="4">0</subfield>
    <subfield code="7">0</subfield>
    <subfield code="8">HEMEROTECA</subfield>
    <subfield code="a">BC</subfield>
    <subfield code="b">BC</subfield>
    <subfield code="c">EST02B</subfield>
    <subfield code="h">Volumen 38, N&#xFA;mero 02, Abril-Junio de 2013</subfield>
    <subfield code="l">0</subfield>
    <subfield code="p">0983799</subfield>
    <subfield code="y">REVISTA</subfield>
  </datafield>
  <datafield tag="952" ind1=" " ind2=" ">
    <subfield code="0">0</subfield>
    <subfield code="1">0</subfield>
    <subfield code="4">0</subfield>
    <subfield code="7">0</subfield>
    <subfield code="8">HEMEROTECA</subfield>
    <subfield code="a">BC</subfield>
    <subfield code="b">BC</subfield>
    <subfield code="c">EST02B</subfield>
    <subfield code="h">Volumen 34, N&#xFA;mero 04, Octubre-Diciembre de 2009</subfield>
    <subfield code="l">0</subfield>
    <subfield code="p">0741829</subfield>
    <subfield code="y">REVISTA</subfield>
  </datafield>
  <datafield tag="952" ind1=" " ind2=" ">
    <subfield code="0">0</subfield>
    <subfield code="1">0</subfield>
    <subfield code="4">0</subfield>
    <subfield code="7">0</subfield>
    <subfield code="8">HEMEROTECA</subfield>
    <subfield code="a">BC</subfield>
    <subfield code="b">BC</subfield>
    <subfield code="c">EST02B</subfield>
    <subfield code="h">Volumen 28, N&#xFA;mero 02, Abril-Junio de 2003</subfield>
    <subfield code="l">0</subfield>
    <subfield code="p">0547890</subfield>
    <subfield code="y">REVISTA</subfield>
  </datafield>
  <datafield tag="952" ind1=" " ind2=" ">
    <subfield code="0">0</subfield>
    <subfield code="1">0</subfield>
    <subfield code="4">0</subfield>
    <subfield code="7">0</subfield>
    <subfield code="8">HEMEROTECA</subfield>
    <subfield code="a">BC</subfield>
    <subfield code="b">BC</subfield>
    <subfield code="c">EST02B</subfield>
    <subfield code="h">Volumen 22, N&#xFA;mero 04, Octubre-Diciembre de 1997</subfield>
    <subfield code="l">0</subfield>
    <subfield code="p">61000000035523</subfield>
    <subfield code="y">REVISTA</subfield>
  </datafield>
  <datafield tag="952" ind1=" " ind2=" ">
    <subfield code="0">0</subfield>
    <subfield code="1">0</subfield>
    <subfield code="4">0</subfield>
    <subfield code="7">0</subfield>
    <subfield code="8">HEMEROTECA</subfield>
    <subfield code="a">BC</subfield>
    <subfield code="b">BC</subfield>
    <subfield code="c">EST02B</subfield>
    <subfield code="h">Volumen 25, N&#xFA;mero 01, Enero-Marzo de 2000</subfield>
    <subfield code="l">0</subfield>
    <subfield code="p">61000002135453</subfield>
    <subfield code="y">REVISTA</subfield>
  </datafield>
  <datafield tag="952" ind1=" " ind2=" ">
    <subfield code="0">0</subfield>
    <subfield code="1">0</subfield>
    <subfield code="4">0</subfield>
    <subfield code="7">0</subfield>
    <subfield code="8">HEMEROTECA</subfield>
    <subfield code="a">BC</subfield>
    <subfield code="b">BC</subfield>
    <subfield code="c">EST02B</subfield>
    <subfield code="h">Volumen 29, N&#xFA;mero 03, Julio-Septiembre de 2004</subfield>
    <subfield code="l">0</subfield>
    <subfield code="p">0565447</subfield>
    <subfield code="y">REVISTA</subfield>
  </datafield>
  <datafield tag="952" ind1=" " ind2=" ">
    <subfield code="0">0</subfield>
    <subfield code="1">0</subfield>
    <subfield code="4">0</subfield>
    <subfield code="7">0</subfield>
    <subfield code="8">HEMEROTECA</subfield>
    <subfield code="a">BC</subfield>
    <subfield code="b">BC</subfield>
    <subfield code="c">EST02B</subfield>
    <subfield code="h">Volumen 27, N&#xFA;mero 02, Abril-Junio de 2002</subfield>
    <subfield code="l">0</subfield>
    <subfield code="p">61000004984727</subfield>
    <subfield code="y">REVISTA</subfield>
  </datafield>
  <datafield tag="952" ind1=" " ind2=" ">
    <subfield code="0">0</subfield>
    <subfield code="1">0</subfield>
    <subfield code="4">0</subfield>
    <subfield code="7">0</subfield>
    <subfield code="8">HEMEROTECA</subfield>
    <subfield code="a">BC</subfield>
    <subfield code="b">BC</subfield>
    <subfield code="c">EST02B</subfield>
    <subfield code="h">Volumen 16, N&#xFA;mero 03, Julio-Septiembre de 1991</subfield>
    <subfield code="l">0</subfield>
    <subfield code="p">6-331920</subfield>
    <subfield code="y">REVISTA</subfield>
  </datafield>
  <datafield tag="952" ind1=" " ind2=" ">
    <subfield code="0">0</subfield>
    <subfield code="1">0</subfield>
    <subfield code="4">0</subfield>
    <subfield code="7">0</subfield>
    <subfield code="8">HEMEROTECA</subfield>
    <subfield code="a">BC</subfield>
    <subfield code="b">BC</subfield>
    <subfield code="c">EST02B</subfield>
    <subfield code="h">Volumen 11, N&#xFA;mero 01, Enero-Marzo de 1986</subfield>
    <subfield code="l">0</subfield>
    <subfield code="p">6-331898</subfield>
    <subfield code="y">REVISTA</subfield>
  </datafield>
  <datafield tag="952" ind1=" " ind2=" ">
    <subfield code="0">0</subfield>
    <subfield code="1">0</subfield>
    <subfield code="4">0</subfield>
    <subfield code="7">0</subfield>
    <subfield code="8">HEMEROTECA</subfield>
    <subfield code="a">BC</subfield>
    <subfield code="b">BC</subfield>
    <subfield code="c">EST02B</subfield>
    <subfield code="h">Volumen 12, N&#xFA;mero 03, Julio-Septiembre de 1987</subfield>
    <subfield code="l">0</subfield>
    <subfield code="p">6-331904</subfield>
    <subfield code="y">REVISTA</subfield>
  </datafield>
  <datafield tag="952" ind1=" " ind2=" ">
    <subfield code="0">0</subfield>
    <subfield code="1">0</subfield>
    <subfield code="4">0</subfield>
    <subfield code="7">0</subfield>
    <subfield code="8">HEMEROTECA</subfield>
    <subfield code="a">BC</subfield>
    <subfield code="b">BC</subfield>
    <subfield code="c">EST02B</subfield>
    <subfield code="h">Volumen 44, N&#xFA;mero 01, Enero-Marzo de 2019</subfield>
    <subfield code="l">0</subfield>
    <subfield code="p">01069037</subfield>
    <subfield code="y">REVISTA</subfield>
  </datafield>
  <datafield tag="952" ind1=" " ind2=" ">
    <subfield code="0">0</subfield>
    <subfield code="1">0</subfield>
    <subfield code="4">0</subfield>
    <subfield code="7">0</subfield>
    <subfield code="8">HEMEROTECA</subfield>
    <subfield code="a">BC</subfield>
    <subfield code="b">BC</subfield>
    <subfield code="c">EST02B</subfield>
    <subfield code="h">Volumen 32, N&#xFA;mero 02, Abril-Junio de 2007</subfield>
    <subfield code="l">0</subfield>
    <subfield code="p">0723478</subfield>
    <subfield code="y">REVISTA</subfield>
  </datafield>
  <datafield tag="952" ind1=" " ind2=" ">
    <subfield code="0">0</subfield>
    <subfield code="1">0</subfield>
    <subfield code="4">0</subfield>
    <subfield code="7">0</subfield>
    <subfield code="8">HEMEROTECA</subfield>
    <subfield code="a">BC</subfield>
    <subfield code="b">BC</subfield>
    <subfield code="c">EST02B</subfield>
    <subfield code="h">Volumen 33, N&#xFA;mero 02, Abril-Junio de 2008</subfield>
    <subfield code="l">0</subfield>
    <subfield code="p">0688857</subfield>
    <subfield code="y">REVISTA</subfield>
  </datafield>
  <datafield tag="952" ind1=" " ind2=" ">
    <subfield code="0">0</subfield>
    <subfield code="1">0</subfield>
    <subfield code="4">0</subfield>
    <subfield code="7">0</subfield>
    <subfield code="8">HEMEROTECA</subfield>
    <subfield code="a">BC</subfield>
    <subfield code="b">BC</subfield>
    <subfield code="c">EST02B</subfield>
    <subfield code="h">Volumen 36, N&#xFA;mero 01, Enero-Marzo de 2011</subfield>
    <subfield code="l">0</subfield>
    <subfield code="p">807058</subfield>
    <subfield code="y">REVISTA</subfield>
  </datafield>
  <datafield tag="952" ind1=" " ind2=" ">
    <subfield code="0">0</subfield>
    <subfield code="1">0</subfield>
    <subfield code="4">0</subfield>
    <subfield code="7">0</subfield>
    <subfield code="8">HEMEROTECA</subfield>
    <subfield code="a">BC</subfield>
    <subfield code="b">BC</subfield>
    <subfield code="c">EST02B</subfield>
    <subfield code="h">Volumen 15, N&#xFA;mero 01, Enero-Marzo de 1990</subfield>
    <subfield code="l">0</subfield>
    <subfield code="p">0689655</subfield>
    <subfield code="y">REVISTA</subfield>
  </datafield>
  <datafield tag="952" ind1=" " ind2=" ">
    <subfield code="0">0</subfield>
    <subfield code="1">0</subfield>
    <subfield code="4">0</subfield>
    <subfield code="7">0</subfield>
    <subfield code="8">HEMEROTECA</subfield>
    <subfield code="a">BC</subfield>
    <subfield code="b">BC</subfield>
    <subfield code="c">EST02B</subfield>
    <subfield code="h">Volumen 05, N&#xFA;mero 02, Julio-Diciembre de 1980</subfield>
    <subfield code="l">0</subfield>
    <subfield code="p">6-331146</subfield>
    <subfield code="y">REVISTA</subfield>
  </datafield>
  <datafield tag="952" ind1=" " ind2=" ">
    <subfield code="0">0</subfield>
    <subfield code="1">0</subfield>
    <subfield code="4">0</subfield>
    <subfield code="7">0</subfield>
    <subfield code="8">HEMEROTECA</subfield>
    <subfield code="a">BC</subfield>
    <subfield code="b">BC</subfield>
    <subfield code="c">EST02B</subfield>
    <subfield code="h">Volumen 12, N&#xFA;mero 01, Enero-Marzo de 1987</subfield>
    <subfield code="l">0</subfield>
    <subfield code="p">6-331899</subfield>
    <subfield code="y">REVISTA</subfield>
  </datafield>
  <datafield tag="952" ind1=" " ind2=" ">
    <subfield code="0">0</subfield>
    <subfield code="1">0</subfield>
    <subfield code="4">0</subfield>
    <subfield code="7">0</subfield>
    <subfield code="8">HEMEROTECA</subfield>
    <subfield code="a">BC</subfield>
    <subfield code="b">BC</subfield>
    <subfield code="c">EST02B</subfield>
    <subfield code="h">Volumen 14, N&#xFA;mero 03, Julio-Septiembre de 1989</subfield>
    <subfield code="l">0</subfield>
    <subfield code="p">6-331909</subfield>
    <subfield code="y">REVISTA</subfield>
  </datafield>
  <datafield tag="952" ind1=" " ind2=" ">
    <subfield code="0">0</subfield>
    <subfield code="1">0</subfield>
    <subfield code="4">0</subfield>
    <subfield code="7">0</subfield>
    <subfield code="8">HEMEROTECA</subfield>
    <subfield code="a">BC</subfield>
    <subfield code="b">BC</subfield>
    <subfield code="c">EST02B</subfield>
    <subfield code="h">Volumen 28, N&#xFA;mero 03, Julio-Septiembre de 2003</subfield>
    <subfield code="l">0</subfield>
    <subfield code="p">0547887</subfield>
    <subfield code="y">REVISTA</subfield>
  </datafield>
  <datafield tag="952" ind1=" " ind2=" ">
    <subfield code="0">0</subfield>
    <subfield code="1">0</subfield>
    <subfield code="4">0</subfield>
    <subfield code="7">0</subfield>
    <subfield code="8">HEMEROTECA</subfield>
    <subfield code="a">BC</subfield>
    <subfield code="b">BC</subfield>
    <subfield code="c">EST02B</subfield>
    <subfield code="h">Volumen 27, N&#xFA;mero 04, Octubre-Diciembre de 2002</subfield>
    <subfield code="l">0</subfield>
    <subfield code="p">0547891</subfield>
    <subfield code="y">REVISTA</subfield>
  </datafield>
  <datafield tag="952" ind1=" " ind2=" ">
    <subfield code="0">0</subfield>
    <subfield code="1">0</subfield>
    <subfield code="4">0</subfield>
    <subfield code="7">0</subfield>
    <subfield code="8">HEMEROTECA</subfield>
    <subfield code="a">BC</subfield>
    <subfield code="b">BC</subfield>
    <subfield code="c">EST02B</subfield>
    <subfield code="h">Volumen 23, N&#xFA;mero 01, Enero-Marzo de 1998</subfield>
    <subfield code="l">0</subfield>
    <subfield code="p">61000000035598</subfield>
    <subfield code="y">REVISTA</subfield>
  </datafield>
  <datafield tag="952" ind1=" " ind2=" ">
    <subfield code="0">0</subfield>
    <subfield code="1">0</subfield>
    <subfield code="4">0</subfield>
    <subfield code="7">0</subfield>
    <subfield code="8">HEMEROTECA</subfield>
    <subfield code="a">BC</subfield>
    <subfield code="b">BC</subfield>
    <subfield code="c">EST02B</subfield>
    <subfield code="h">Volumen 38, N&#xFA;mero 03, Julio-Septiembre de 2013</subfield>
    <subfield code="l">0</subfield>
    <subfield code="p">0994758</subfield>
    <subfield code="y">REVISTA</subfield>
  </datafield>
  <datafield tag="952" ind1=" " ind2=" ">
    <subfield code="0">0</subfield>
    <subfield code="1">0</subfield>
    <subfield code="4">0</subfield>
    <subfield code="7">0</subfield>
    <subfield code="8">HEMEROTECA</subfield>
    <subfield code="a">BC</subfield>
    <subfield code="b">BC</subfield>
    <subfield code="c">EST02B</subfield>
    <subfield code="h">Volumen 39, N&#xFA;mero 04, Octubre-Diciembre de 2014</subfield>
    <subfield code="l">0</subfield>
    <subfield code="p">01010956</subfield>
    <subfield code="y">REVISTA</subfield>
  </datafield>
  <datafield tag="952" ind1=" " ind2=" ">
    <subfield code="0">0</subfield>
    <subfield code="1">0</subfield>
    <subfield code="4">0</subfield>
    <subfield code="7">0</subfield>
    <subfield code="8">HEMEROTECA</subfield>
    <subfield code="a">BC</subfield>
    <subfield code="b">BC</subfield>
    <subfield code="c">EST02B</subfield>
    <subfield code="h">Volumen 37, N&#xFA;mero 04, Octubre-Diciembre de 2012</subfield>
    <subfield code="l">0</subfield>
    <subfield code="p">0983797</subfield>
    <subfield code="y">REVISTA</subfield>
  </datafield>
  <datafield tag="952" ind1=" " ind2=" ">
    <subfield code="0">0</subfield>
    <subfield code="1">0</subfield>
    <subfield code="4">0</subfield>
    <subfield code="7">0</subfield>
    <subfield code="8">HEMEROTECA</subfield>
    <subfield code="a">BC</subfield>
    <subfield code="b">BC</subfield>
    <subfield code="c">EST02B</subfield>
    <subfield code="h">Volumen 21, N&#xFA;mero 03-04, Julio-Diciembre de 1996</subfield>
    <subfield code="l">0</subfield>
    <subfield code="p">6-398318</subfield>
    <subfield code="y">REVISTA</subfield>
  </datafield>
  <datafield tag="952" ind1=" " ind2=" ">
    <subfield code="0">0</subfield>
    <subfield code="1">0</subfield>
    <subfield code="4">0</subfield>
    <subfield code="7">0</subfield>
    <subfield code="8">HEMEROTECA</subfield>
    <subfield code="a">BC</subfield>
    <subfield code="b">BC</subfield>
    <subfield code="c">EST02B</subfield>
    <subfield code="h">Volumen 23, N&#xFA;mero 04, Octubre-Diciembre de 1998</subfield>
    <subfield code="l">0</subfield>
    <subfield code="p">61000002135628</subfield>
    <subfield code="y">REVISTA</subfield>
  </datafield>
  <datafield tag="952" ind1=" " ind2=" ">
    <subfield code="0">0</subfield>
    <subfield code="1">0</subfield>
    <subfield code="4">0</subfield>
    <subfield code="7">0</subfield>
    <subfield code="8">HEMEROTECA</subfield>
    <subfield code="a">BC</subfield>
    <subfield code="b">BC</subfield>
    <subfield code="c">EST02B</subfield>
    <subfield code="h">Volumen 25, N&#xFA;mero 02, Abril-Junio de 2000</subfield>
    <subfield code="l">0</subfield>
    <subfield code="p">61000002135511</subfield>
    <subfield code="y">REVISTA</subfield>
  </datafield>
  <datafield tag="952" ind1=" " ind2=" ">
    <subfield code="0">0</subfield>
    <subfield code="1">0</subfield>
    <subfield code="4">0</subfield>
    <subfield code="7">0</subfield>
    <subfield code="8">HEMEROTECA</subfield>
    <subfield code="a">BC</subfield>
    <subfield code="b">BC</subfield>
    <subfield code="c">EST02B</subfield>
    <subfield code="h">Volumen 27, N&#xFA;mero 03, Julio-Septiembre de 2002</subfield>
    <subfield code="l">0</subfield>
    <subfield code="p">61000004872512</subfield>
    <subfield code="y">REVISTA</subfield>
  </datafield>
  <datafield tag="952" ind1=" " ind2=" ">
    <subfield code="0">0</subfield>
    <subfield code="1">0</subfield>
    <subfield code="4">0</subfield>
    <subfield code="7">0</subfield>
    <subfield code="8">HEMEROTECA</subfield>
    <subfield code="a">BC</subfield>
    <subfield code="b">BC</subfield>
    <subfield code="c">EST02B</subfield>
    <subfield code="h">Volumen 17, N&#xFA;mero 01, Enero-Marzo de 1992</subfield>
    <subfield code="l">0</subfield>
    <subfield code="p">6-331924</subfield>
    <subfield code="y">REVISTA</subfield>
  </datafield>
  <datafield tag="952" ind1=" " ind2=" ">
    <subfield code="0">0</subfield>
    <subfield code="1">0</subfield>
    <subfield code="4">0</subfield>
    <subfield code="7">0</subfield>
    <subfield code="8">HEMEROTECA</subfield>
    <subfield code="a">BC</subfield>
    <subfield code="b">BC</subfield>
    <subfield code="c">EST02B</subfield>
    <subfield code="h">Volumen 14, N&#xFA;mero 04, Octubre-Diciembre de 1989</subfield>
    <subfield code="l">0</subfield>
    <subfield code="p">6-331914</subfield>
    <subfield code="y">REVISTA</subfield>
  </datafield>
  <datafield tag="952" ind1=" " ind2=" ">
    <subfield code="0">0</subfield>
    <subfield code="1">0</subfield>
    <subfield code="4">0</subfield>
    <subfield code="7">0</subfield>
    <subfield code="8">HEMEROTECA</subfield>
    <subfield code="a">BC</subfield>
    <subfield code="b">BC</subfield>
    <subfield code="c">EST02B</subfield>
    <subfield code="h">Volumen 18, N&#xFA;mero 02, Abril-Junio de 1993</subfield>
    <subfield code="l">0</subfield>
    <subfield code="p">6-332530</subfield>
    <subfield code="y">REVISTA</subfield>
  </datafield>
  <datafield tag="952" ind1=" " ind2=" ">
    <subfield code="0">0</subfield>
    <subfield code="1">0</subfield>
    <subfield code="4">0</subfield>
    <subfield code="7">0</subfield>
    <subfield code="8">HEMEROTECA</subfield>
    <subfield code="a">BC</subfield>
    <subfield code="b">BC</subfield>
    <subfield code="c">EST02B</subfield>
    <subfield code="h">Volumen 19, N&#xFA;mero 03-04, Julio-Diciembre de 1994</subfield>
    <subfield code="l">0</subfield>
    <subfield code="p">6-332528</subfield>
    <subfield code="y">REVISTA</subfield>
  </datafield>
  <datafield tag="952" ind1=" " ind2=" ">
    <subfield code="0">0</subfield>
    <subfield code="1">0</subfield>
    <subfield code="4">0</subfield>
    <subfield code="7">0</subfield>
    <subfield code="8">HEMEROTECA</subfield>
    <subfield code="a">BC</subfield>
    <subfield code="b">BC</subfield>
    <subfield code="c">EST02B</subfield>
    <subfield code="h">Volumen 29, N&#xFA;mero 02, Abril-Junio de 2004</subfield>
    <subfield code="l">0</subfield>
    <subfield code="p">0565484</subfield>
    <subfield code="y">REVISTA</subfield>
  </datafield>
  <datafield tag="952" ind1=" " ind2=" ">
    <subfield code="0">0</subfield>
    <subfield code="1">0</subfield>
    <subfield code="4">0</subfield>
    <subfield code="7">0</subfield>
    <subfield code="8">HEMEROTECA</subfield>
    <subfield code="a">BC</subfield>
    <subfield code="b">BC</subfield>
    <subfield code="c">EST02B</subfield>
    <subfield code="h">Volumen 33, N&#xFA;mero 04, Octubre-Diciembre de 2008</subfield>
    <subfield code="l">0</subfield>
    <subfield code="p">0688855</subfield>
    <subfield code="y">REVISTA</subfield>
  </datafield>
  <datafield tag="952" ind1=" " ind2=" ">
    <subfield code="0">0</subfield>
    <subfield code="1">0</subfield>
    <subfield code="4">0</subfield>
    <subfield code="7">0</subfield>
    <subfield code="8">HEMEROTECA</subfield>
    <subfield code="a">BC</subfield>
    <subfield code="b">BC</subfield>
    <subfield code="c">EST02B</subfield>
    <subfield code="h">Volumen 43, N&#xFA;mero 01, Enero-Marzo de 2018</subfield>
    <subfield code="l">0</subfield>
    <subfield code="p">01069039</subfield>
    <subfield code="y">REVISTA</subfield>
  </datafield>
  <datafield tag="952" ind1=" " ind2=" ">
    <subfield code="0">0</subfield>
    <subfield code="1">0</subfield>
    <subfield code="4">0</subfield>
    <subfield code="7">0</subfield>
    <subfield code="8">HEMEROTECA</subfield>
    <subfield code="a">BC</subfield>
    <subfield code="b">BC</subfield>
    <subfield code="c">EST02B</subfield>
    <subfield code="h">Volumen 08, N&#xFA;mero 01, Enero-Junio de 1983</subfield>
    <subfield code="l">0</subfield>
    <subfield code="p">6-331150</subfield>
    <subfield code="y">REVISTA</subfield>
  </datafield>
  <datafield tag="952" ind1=" " ind2=" ">
    <subfield code="0">0</subfield>
    <subfield code="1">0</subfield>
    <subfield code="4">0</subfield>
    <subfield code="7">0</subfield>
    <subfield code="8">HEMEROTECA</subfield>
    <subfield code="a">BC</subfield>
    <subfield code="b">BC</subfield>
    <subfield code="c">EST02B</subfield>
    <subfield code="h">Volumen 26, N&#xFA;mero 04, Octubre-Diciembre de 2001</subfield>
    <subfield code="l">0</subfield>
    <subfield code="p">61000004134481</subfield>
    <subfield code="y">REVISTA</subfield>
  </datafield>
  <datafield tag="952" ind1=" " ind2=" ">
    <subfield code="0">0</subfield>
    <subfield code="1">0</subfield>
    <subfield code="4">0</subfield>
    <subfield code="7">0</subfield>
    <subfield code="8">HEMEROTECA</subfield>
    <subfield code="a">BC</subfield>
    <subfield code="b">BC</subfield>
    <subfield code="c">EST02B</subfield>
    <subfield code="h">Volumen 15, N&#xFA;mero 03, Julio-Septiembre de 1990</subfield>
    <subfield code="l">0</subfield>
    <subfield code="p">6-331913</subfield>
    <subfield code="y">REVISTA</subfield>
  </datafield>
  <datafield tag="952" ind1=" " ind2=" ">
    <subfield code="0">0</subfield>
    <subfield code="1">0</subfield>
    <subfield code="4">0</subfield>
    <subfield code="7">0</subfield>
    <subfield code="8">HEMEROTECA</subfield>
    <subfield code="a">BC</subfield>
    <subfield code="b">BC</subfield>
    <subfield code="c">EST02B</subfield>
    <subfield code="h">Volumen 10, N&#xFA;mero 02, Abril-Junio de 1985</subfield>
    <subfield code="l">0</subfield>
    <subfield code="p">6-331156</subfield>
    <subfield code="y">REVISTA</subfield>
  </datafield>
  <datafield tag="952" ind1=" " ind2=" ">
    <subfield code="0">0</subfield>
    <subfield code="1">0</subfield>
    <subfield code="4">0</subfield>
    <subfield code="7">0</subfield>
    <subfield code="8">HEMEROTECA</subfield>
    <subfield code="a">BC</subfield>
    <subfield code="b">BC</subfield>
    <subfield code="c">EST02B</subfield>
    <subfield code="h">Volumen 18, N&#xFA;mero 03, Julio-Septiembre de 1993</subfield>
    <subfield code="l">0</subfield>
    <subfield code="p">6-332529</subfield>
    <subfield code="y">REVISTA</subfield>
  </datafield>
  <datafield tag="952" ind1=" " ind2=" ">
    <subfield code="0">0</subfield>
    <subfield code="1">0</subfield>
    <subfield code="4">0</subfield>
    <subfield code="7">0</subfield>
    <subfield code="8">HEMEROTECA</subfield>
    <subfield code="a">BC</subfield>
    <subfield code="b">BC</subfield>
    <subfield code="c">EST02B</subfield>
    <subfield code="h">Volumen 19, N&#xFA;mero 01-02, Enero-Junio de 1994</subfield>
    <subfield code="l">0</subfield>
    <subfield code="p">6-332525</subfield>
    <subfield code="y">REVISTA</subfield>
  </datafield>
  <datafield tag="952" ind1=" " ind2=" ">
    <subfield code="0">0</subfield>
    <subfield code="1">0</subfield>
    <subfield code="4">0</subfield>
    <subfield code="7">0</subfield>
    <subfield code="8">HEMEROTECA</subfield>
    <subfield code="a">BC</subfield>
    <subfield code="b">BC</subfield>
    <subfield code="c">EST02B</subfield>
    <subfield code="h">Volumen 15, N&#xFA;mero 02, Abril-Junio de 1990</subfield>
    <subfield code="l">0</subfield>
    <subfield code="p">6-331911</subfield>
    <subfield code="y">REVISTA</subfield>
  </datafield>
  <datafield tag="952" ind1=" " ind2=" ">
    <subfield code="0">0</subfield>
    <subfield code="1">0</subfield>
    <subfield code="4">0</subfield>
    <subfield code="7">0</subfield>
    <subfield code="8">HEMEROTECA</subfield>
    <subfield code="a">BC</subfield>
    <subfield code="b">BC</subfield>
    <subfield code="c">EST02B</subfield>
    <subfield code="h">Volumen 22, N&#xFA;mero 02, Abril-Junio de 1997</subfield>
    <subfield code="l">0</subfield>
    <subfield code="p">6-398320</subfield>
    <subfield code="y">REVISTA</subfield>
  </datafield>
  <datafield tag="952" ind1=" " ind2=" ">
    <subfield code="0">0</subfield>
    <subfield code="1">0</subfield>
    <subfield code="4">0</subfield>
    <subfield code="7">0</subfield>
    <subfield code="8">HEMEROTECA</subfield>
    <subfield code="a">BC</subfield>
    <subfield code="b">BC</subfield>
    <subfield code="c">EST02B</subfield>
    <subfield code="h">Volumen 34, N&#xFA;mero 03, Julio-Septiembre de 2009</subfield>
    <subfield code="l">0</subfield>
    <subfield code="p">0741830</subfield>
    <subfield code="y">REVISTA</subfield>
  </datafield>
  <datafield tag="952" ind1=" " ind2=" ">
    <subfield code="0">0</subfield>
    <subfield code="1">0</subfield>
    <subfield code="4">0</subfield>
    <subfield code="7">0</subfield>
    <subfield code="8">HEMEROTECA</subfield>
    <subfield code="a">BC</subfield>
    <subfield code="b">BC</subfield>
    <subfield code="c">EST02B</subfield>
    <subfield code="h">Volumen 43, N&#xFA;mero 04, Octubre-Diciembre de 2018</subfield>
    <subfield code="l">0</subfield>
    <subfield code="p">01069041</subfield>
    <subfield code="y">REVISTA</subfield>
  </datafield>
  <datafield tag="952" ind1=" " ind2=" ">
    <subfield code="0">0</subfield>
    <subfield code="1">0</subfield>
    <subfield code="4">0</subfield>
    <subfield code="7">0</subfield>
    <subfield code="8">HEMEROTECA</subfield>
    <subfield code="a">BC</subfield>
    <subfield code="b">BC</subfield>
    <subfield code="c">EST02B</subfield>
    <subfield code="h">Volumen 16, N&#xFA;mero 02, Abril-Junio de 1991</subfield>
    <subfield code="l">0</subfield>
    <subfield code="p">6-331918</subfield>
    <subfield code="y">REVISTA</subfield>
  </datafield>
  <datafield tag="952" ind1=" " ind2=" ">
    <subfield code="0">0</subfield>
    <subfield code="1">0</subfield>
    <subfield code="4">0</subfield>
    <subfield code="7">0</subfield>
    <subfield code="8">HEMEROTECA</subfield>
    <subfield code="a">BC</subfield>
    <subfield code="b">BC</subfield>
    <subfield code="c">EST02B</subfield>
    <subfield code="h">Volumen 22, N&#xFA;mero 03, Julio-Septiembre de 1997</subfield>
    <subfield code="l">0</subfield>
    <subfield code="p">61000000035465</subfield>
    <subfield code="y">REVISTA</subfield>
  </datafield>
  <datafield tag="952" ind1=" " ind2=" ">
    <subfield code="0">0</subfield>
    <subfield code="1">0</subfield>
    <subfield code="4">0</subfield>
    <subfield code="7">0</subfield>
    <subfield code="8">HEMEROTECA</subfield>
    <subfield code="a">BC</subfield>
    <subfield code="b">BC</subfield>
    <subfield code="c">EST02B</subfield>
    <subfield code="h">Volumen 10, N&#xFA;mero 04, Octubre-Diciembre de 1985</subfield>
    <subfield code="l">0</subfield>
    <subfield code="p">6-331155</subfield>
    <subfield code="y">REVISTA</subfield>
  </datafield>
  <datafield tag="952" ind1=" " ind2=" ">
    <subfield code="0">0</subfield>
    <subfield code="1">0</subfield>
    <subfield code="4">0</subfield>
    <subfield code="7">0</subfield>
    <subfield code="8">HEMEROTECA</subfield>
    <subfield code="a">BC</subfield>
    <subfield code="b">BC</subfield>
    <subfield code="c">EST02B</subfield>
    <subfield code="h">Volumen 17, N&#xFA;mero 03, Julio-Septiembre de 1992</subfield>
    <subfield code="l">0</subfield>
    <subfield code="p">6-331919</subfield>
    <subfield code="y">REVISTA</subfield>
  </datafield>
  <datafield tag="952" ind1=" " ind2=" ">
    <subfield code="0">0</subfield>
    <subfield code="1">0</subfield>
    <subfield code="4">0</subfield>
    <subfield code="7">0</subfield>
    <subfield code="8">HEMEROTECA</subfield>
    <subfield code="a">BC</subfield>
    <subfield code="b">BC</subfield>
    <subfield code="c">EST02B</subfield>
    <subfield code="h">Volumen 13, N&#xFA;mero 04, Octubre-Diciembre de 1988</subfield>
    <subfield code="l">0</subfield>
    <subfield code="p">6-331907</subfield>
    <subfield code="y">REVISTA</subfield>
  </datafield>
  <datafield tag="952" ind1=" " ind2=" ">
    <subfield code="0">0</subfield>
    <subfield code="1">0</subfield>
    <subfield code="4">0</subfield>
    <subfield code="7">0</subfield>
    <subfield code="8">HEMEROTECA</subfield>
    <subfield code="a">BC</subfield>
    <subfield code="b">BC</subfield>
    <subfield code="c">EST02B</subfield>
    <subfield code="h">Volumen 18, N&#xFA;mero 04, Octubre-Diciembre de 1993</subfield>
    <subfield code="l">0</subfield>
    <subfield code="y">REVISTA</subfield>
  </datafield>
  <datafield tag="952" ind1=" " ind2=" ">
    <subfield code="0">0</subfield>
    <subfield code="1">0</subfield>
    <subfield code="4">0</subfield>
    <subfield code="7">0</subfield>
    <subfield code="8">HEMEROTECA</subfield>
    <subfield code="a">BC</subfield>
    <subfield code="b">BC</subfield>
    <subfield code="c">EST02B</subfield>
    <subfield code="h">Volumen 25, N&#xFA;mero 03, Julio-Septiembre de 2000</subfield>
    <subfield code="l">0</subfield>
    <subfield code="p">61000002032585</subfield>
    <subfield code="y">REVISTA</subfield>
  </datafield>
  <datafield tag="952" ind1=" " ind2=" ">
    <subfield code="0">0</subfield>
    <subfield code="1">0</subfield>
    <subfield code="4">0</subfield>
    <subfield code="7">0</subfield>
    <subfield code="8">HEMEROTECA</subfield>
    <subfield code="a">BC</subfield>
    <subfield code="b">BC</subfield>
    <subfield code="c">EST02B</subfield>
    <subfield code="h">Volumen 44, N&#xFA;mero 02, Abril-Junio de 2019</subfield>
    <subfield code="l">0</subfield>
    <subfield code="p">01069036</subfield>
    <subfield code="y">REVISTA</subfield>
  </datafield>
  <datafield tag="952" ind1=" " ind2=" ">
    <subfield code="0">0</subfield>
    <subfield code="1">0</subfield>
    <subfield code="4">0</subfield>
    <subfield code="7">0</subfield>
    <subfield code="8">HEMEROTECA</subfield>
    <subfield code="a">BC</subfield>
    <subfield code="b">BC</subfield>
    <subfield code="c">EST02B</subfield>
    <subfield code="h">Volumen 26, N&#xFA;mero 03, Julio-Septiembre de 2001</subfield>
    <subfield code="l">0</subfield>
    <subfield code="p">61000004134450</subfield>
    <subfield code="y">REVISTA</subfield>
  </datafield>
  <datafield tag="952" ind1=" " ind2=" ">
    <subfield code="0">0</subfield>
    <subfield code="1">0</subfield>
    <subfield code="4">0</subfield>
    <subfield code="7">0</subfield>
    <subfield code="8">HEMEROTECA</subfield>
    <subfield code="a">BC</subfield>
    <subfield code="b">BC</subfield>
    <subfield code="c">EST02B</subfield>
    <subfield code="h">Volumen 30, N&#xFA;mero 02, Abril-Junio de 2005</subfield>
    <subfield code="l">0</subfield>
    <subfield code="p">61000004241417</subfield>
    <subfield code="y">REVISTA</subfield>
  </datafield>
  <datafield tag="952" ind1=" " ind2=" ">
    <subfield code="0">0</subfield>
    <subfield code="1">0</subfield>
    <subfield code="4">0</subfield>
    <subfield code="7">0</subfield>
    <subfield code="8">HEMEROTECA</subfield>
    <subfield code="a">BC</subfield>
    <subfield code="b">BC</subfield>
    <subfield code="c">EST02B</subfield>
    <subfield code="h">Volumen 21, N&#xFA;mero 01-02, Enero-Junio de 1996</subfield>
    <subfield code="l">0</subfield>
    <subfield code="p">0689453</subfield>
    <subfield code="y">REVISTA</subfield>
  </datafield>
  <datafield tag="952" ind1=" " ind2=" ">
    <subfield code="0">0</subfield>
    <subfield code="1">0</subfield>
    <subfield code="4">0</subfield>
    <subfield code="7">0</subfield>
    <subfield code="8">HEMEROTECA</subfield>
    <subfield code="a">BC</subfield>
    <subfield code="b">BC</subfield>
    <subfield code="c">EST02B</subfield>
    <subfield code="h">Volumen 07, N&#xFA;mero 01, Enero-Junio de 1982</subfield>
    <subfield code="l">0</subfield>
    <subfield code="p">6-331148</subfield>
    <subfield code="y">REVISTA</subfield>
  </datafield>
  <datafield tag="952" ind1=" " ind2=" ">
    <subfield code="0">0</subfield>
    <subfield code="1">0</subfield>
    <subfield code="4">0</subfield>
    <subfield code="7">0</subfield>
    <subfield code="8">HEMEROTECA</subfield>
    <subfield code="a">BC</subfield>
    <subfield code="b">BC</subfield>
    <subfield code="c">EST02B</subfield>
    <subfield code="h">Volumen 17, N&#xFA;mero 04, Octubre-Diciembre de 1992</subfield>
    <subfield code="l">0</subfield>
    <subfield code="p">6-331921</subfield>
    <subfield code="y">REVISTA</subfield>
  </datafield>
  <datafield tag="952" ind1=" " ind2=" ">
    <subfield code="0">0</subfield>
    <subfield code="1">0</subfield>
    <subfield code="4">0</subfield>
    <subfield code="7">0</subfield>
    <subfield code="8">HEMEROTECA</subfield>
    <subfield code="a">BC</subfield>
    <subfield code="b">BC</subfield>
    <subfield code="c">EST02B</subfield>
    <subfield code="h">Volumen 36, N&#xFA;mero 04, Octubre-Diciembre de 2011</subfield>
    <subfield code="l">0</subfield>
    <subfield code="p">87821</subfield>
    <subfield code="y">REVISTA</subfield>
  </datafield>
  <datafield tag="952" ind1=" " ind2=" ">
    <subfield code="0">0</subfield>
    <subfield code="1">0</subfield>
    <subfield code="4">0</subfield>
    <subfield code="7">0</subfield>
    <subfield code="8">HEMEROTECA</subfield>
    <subfield code="a">BC</subfield>
    <subfield code="b">BC</subfield>
    <subfield code="c">EST02B</subfield>
    <subfield code="h">Volumen 14, N&#xFA;mero 02, Abril-Junio de 1989</subfield>
    <subfield code="l">0</subfield>
    <subfield code="p">6-331912</subfield>
    <subfield code="y">REVISTA</subfield>
  </datafield>
  <datafield tag="952" ind1=" " ind2=" ">
    <subfield code="0">0</subfield>
    <subfield code="1">0</subfield>
    <subfield code="4">0</subfield>
    <subfield code="7">0</subfield>
    <subfield code="8">HEMEROTECA</subfield>
    <subfield code="a">BC</subfield>
    <subfield code="b">BC</subfield>
    <subfield code="c">EST02B</subfield>
    <subfield code="h">Volumen 09, N&#xFA;mero 01, Enero-Abril de 1984</subfield>
    <subfield code="l">0</subfield>
    <subfield code="p">6-331152</subfield>
    <subfield code="y">REVISTA</subfield>
  </datafield>
  <datafield tag="952" ind1=" " ind2=" ">
    <subfield code="0">0</subfield>
    <subfield code="1">0</subfield>
    <subfield code="4">0</subfield>
    <subfield code="7">0</subfield>
    <subfield code="8">HEMEROTECA</subfield>
    <subfield code="a">BC</subfield>
    <subfield code="b">BC</subfield>
    <subfield code="c">EST02B</subfield>
    <subfield code="h">Volumen 24, N&#xFA;mero 02, Abril-Junio de 1999</subfield>
    <subfield code="l">0</subfield>
    <subfield code="p">61000002135743</subfield>
    <subfield code="y">REVISTA</subfield>
  </datafield>
  <datafield tag="952" ind1=" " ind2=" ">
    <subfield code="0">0</subfield>
    <subfield code="1">0</subfield>
    <subfield code="4">0</subfield>
    <subfield code="7">0</subfield>
    <subfield code="8">HEMEROTECA</subfield>
    <subfield code="a">BC</subfield>
    <subfield code="b">BC</subfield>
    <subfield code="c">EST02B</subfield>
    <subfield code="h">Volumen 31, N&#xFA;mero 04, Octubre-Diciembre de 2006</subfield>
    <subfield code="l">0</subfield>
    <subfield code="p">0723480</subfield>
    <subfield code="y">REVISTA</subfield>
  </datafield>
  <datafield tag="952" ind1=" " ind2=" ">
    <subfield code="0">0</subfield>
    <subfield code="1">0</subfield>
    <subfield code="4">0</subfield>
    <subfield code="7">0</subfield>
    <subfield code="8">HEMEROTECA</subfield>
    <subfield code="a">BC</subfield>
    <subfield code="b">BC</subfield>
    <subfield code="c">EST02B</subfield>
    <subfield code="h">Volumen 32, N&#xFA;mero 03, Julio-Septiembre de 2007</subfield>
    <subfield code="l">0</subfield>
    <subfield code="p">0723479</subfield>
    <subfield code="y">REVISTA</subfield>
  </datafield>
  <datafield tag="952" ind1=" " ind2=" ">
    <subfield code="0">0</subfield>
    <subfield code="1">0</subfield>
    <subfield code="4">0</subfield>
    <subfield code="7">0</subfield>
    <subfield code="8">HEMEROTECA</subfield>
    <subfield code="a">BC</subfield>
    <subfield code="b">BC</subfield>
    <subfield code="c">EST02B</subfield>
    <subfield code="h">Volumen 36, N&#xFA;mero 03, Julio-Septiembre de 2011</subfield>
    <subfield code="l">0</subfield>
    <subfield code="p">807059</subfield>
    <subfield code="y">REVISTA</subfield>
  </datafield>
  <datafield tag="952" ind1=" " ind2=" ">
    <subfield code="0">0</subfield>
    <subfield code="1">0</subfield>
    <subfield code="4">0</subfield>
    <subfield code="7">0</subfield>
    <subfield code="8">HEMEROTECA</subfield>
    <subfield code="a">BC</subfield>
    <subfield code="b">BC</subfield>
    <subfield code="c">EST02B</subfield>
    <subfield code="h">Volumen 39, N&#xFA;mero 03, Julio-Septiembre de 2014</subfield>
    <subfield code="l">0</subfield>
    <subfield code="p">01010955</subfield>
    <subfield code="y">REVISTA</subfield>
  </datafield>
</record>
